000 00751nam a22002172 4500
001 0000018864
005 20151217152137.0
008 100810s xx 000 0 eng d
020 _a0749459895 :
040 _aKABU
_cKABU
100 1 _aArmstrong, Michael.
_@0000157658
245 1 0 _aArmstrong's essential human resource management practice :
_ba guide to people management /
_cMichael Armstrong.
250 _a1st ed.
260 _aLondon :
_bKeganPage,
_c2010.
300 _aviii, 424 p.
650 0 _aPersonnel management
_xHandbooks, manuals,etc.
_@0000159534
852 1 _9p2390 KES
852 1 _9p2390 KES
908 _a100810
950 _@1
999 _c8684
_d8684